It takes a pillage : (Record no. 193322)

000 -LEADER
fixed length control field 00788 a2200229 4500
003 - CONTROL NUMBER IDENTIFIER
control field Nust
005 - DATE AND TIME OF LATEST TRANSACTION
control field 20170207154055.0
010 ## - LIBRARY OF CONGRESS CONTROL NUMBER
LC control number 2009028779
020 ## - INTERNATIONAL STANDARD BOOK NUMBER
International Standard Book Number 0470529598 (cloth)
020 ## - INTERNATIONAL STANDARD BOOK NUMBER
International Standard Book Number 9780470529591 (cloth)
035 ## - SYSTEM CONTROL NUMBER
System control number (OCoLC)ocn317456844
040 ## - CATALOGING SOURCE
Transcribing agency Nust
082 00 - DEWEY DECIMAL CLASSIFICATION NUMBER
Classification number 330.973
100 1# - MAIN ENTRY--PERSONAL NAME
Personal name Nomi Prins.
245 10 - TITLE STATEMENT
Title It takes a pillage :
Remainder of title behind the bailouts, bonuses, and backroom deals from Washington to Wall Street (E-BOOK)
Statement of responsibility, etc. Nomi Prins.
260 ## - PUBLICATION, DISTRIBUTION, ETC.
Place of publication, distribution, etc. Hoboken, N.J. :
Name of publisher, distributor, etc. Wiley,
Date of publication, distribution, etc. c2009.
300 ## - PHYSICAL DESCRIPTION
Extent viii, 296 p. ;
Dimensions 25 cm.
650 #0 - SUBJECT ADDED ENTRY--TOPICAL TERM
Topical term or geographic name entry element Bailouts (Government policy)
650 #0 - SUBJECT ADDED ENTRY--TOPICAL TERM
Topical term or geographic name entry element Financial crises
Geographic subdivision United States
General subdivision History
Chronological subdivision 21st century.
650 #0 - SUBJECT ADDED ENTRY--TOPICAL TERM
Topical term or geographic name entry element Intervention (Federal government)
Geographic subdivision United States
General subdivision History
Chronological subdivision 21st century.
651 #0 - SUBJECT ADDED ENTRY--GEOGRAPHIC NAME
Geographic name E-BOOK
General subdivision History
Chronological subdivision 21st century.
942 ## - ADDED ENTRY ELEMENTS (KOHA)
Source of classification or shelving scheme
Koha item type Book
Holdings
Withdrawn status Lost status Source of classification or shelving scheme Damaged status Not for loan Collection code Permanent Location Current Location Date acquired Total Checkouts Full call number Barcode Date last seen Price effective from Koha item type
            Military College of Signals (MCS) Military College of Signals (MCS) 12/12/2016   330.973 PRI MCSEB-2971 12/08/2016 12/12/2016 Book
© 2023 Central Library, National University of Sciences and Technology. All Rights Reserved.